000 00377nam a2200169 i 4500
001 bg
100 1 _aFEDER, Alfons
245 0 _aMały poradnik mostowy /
_cA. Feder.
260 _aWarszawa,
_c1969.
650 9 _aMosty
655 _aPoradniki
040 _cBPK
041 _apol
080 _a624.2/.8:625.7/.8
942 _cKS
008 s pl f |000 0 pol
999 _c5815
_d5815
856 _uhttp://koha.tu.koszalin.pl/cgi-bin/koha/opac-detail.pl?biblionumber=5815
_yKatalog online BPK